Catalog

Record Details

Catalog Search



Manažer a management  Cover Image Book Book

Manažer a management / Loukotka Jindřich

Record details

  • Physical Description: 125 s. : il. ; 20 cm
  • Publisher: Úvaly u Prahy : Albra, 1996

Content descriptions

General Note:
Učebnice pro SŠ
Bibliografie na s. 125

Available copies

  • 1 of 1 copy available at Common Catalog SPOK.

Holds

  • 0 current holds with 1 total copy.
Show All Copies
Location Call Number / Copy Notes Barcode Shelving Location Status Due Date
Jabok Library Soc-8.2 424480022294 Odborná literatura Available -

LDR 00774nam a2200277 a 4500
0016579
003CZ-PrJAB
00520160910051242.0
008990219s1996 xr | | cze
035 . ‡a(CZ PrSKC)kpw0151900
040 . ‡aOSD002 ‡bcze
080 . ‡a331.1
080 . ‡a65.01
1001 . ‡aLoukotka, Jindřich ‡4aut
24510. ‡aManažer a management / ‡cLoukotka Jindřich
260 . ‡aÚvaly u Prahy : ‡bAlbra, ‡c1996
300 . ‡a125 s. : ‡bil. ; ‡c20 cm
500 . ‡aUčebnice pro SŠ
500 . ‡aBibliografie na s. 125
6530 . ‡amanagement
910 . ‡aABG312
901 . ‡a6579 ‡bUnknown ‡c6579 ‡tbiblio

Additional Resources